000 02342nam0a2200397 4500
001 RU\NLR\BIBL_A\022643392
005 20260531084538.0
010 _a978-5-6049188-2-1
_9100
021 _aRU
_bКН-П-25-050765
_9КН-П-25-4913
035 _a(NLR Aleph) 022643392
090 _a13506760
_c13506760
100 _a20251014d2022 k y0rusy50 ca
101 0 _arus
102 _aRU
105 _aa|||z|||000yy
181 0 _ai3
_baxxe
182 0 _an
200 1 _aВариабельность патологических состояний слизистой оболочки полости рта
_eмонография
_fЯблоков А. Е., врач-стоматолог-хирург, к.м.н., Бенян А. С., профессор, д.м.н., доцент, Иващенко А. В., профессор, д.м.н., доцент [и др.]
_gФедеральное государственное бюджетное учреждение высшего образования "Самарский государственный медицинский университет" Министерства здравоохранения Российской Федерации
203 _aТекст
_bвизуальный
_cнепосредственный
210 _aСамара
_cСтандарт
_d2022
215 _a323 с.
_cил., табл.
_d21
300 _aАвт. указаны на обороте тит. с.
320 _aБиблиогр.: с. 317-323 (99 назв.)
606 1 _aПолость рта
_xСлизистая оболочка
_xБолезни
_91111439
_3RU\NLR\AUTH\66119329
606 1 _aПолость рта
_xСлизистая оболочка
_xТравмы
_91959792
_3RU\NLR\AUTH\66897005
686 1 _aР661.22
686 1 _aР665.82
701 1 _aЯблоков
_bА. Е.
_gАлексей Евгеньевич
701 1 _7ca
_8rus
_aБенян
_bА. С.
_f1978-
_gАрмен Сисакович
_3RU\NLR\AUTH\770194443
_9194392
701 1 _aИващенко
_bА. В.
_gАлександр Валериевич
712 0 2 _4570
_aСамарский государственный медицинский университет
_9285920
_3RU\NLR\AUTH\886970
942 _cBOOK
980 _aNB